Movies Quiz

Random Movies or Actor Quiz

A Century of Film: Top 300 Grossing Actors Quiz Stats

 Plays Quiz Updated Jun 21, 2017

Support Sporcle.
Go Orange.
Score 0/300 Timer 20:00
6 Plays Today
Gross Actor % Correct
3.355Tom Cruise
82.4%
4.267Tom Hanks
82.1%
2.518Will Smith
80.7%
2.201Brad Pitt
79.4%
3.782Harrison Ford
78.7%
3.008Maggie Smith
78.3%
1.418Jada Pinkett Smith
76.8%
5.087Samuel L. Jackson
76.5%
1.847Leonardo DiCaprio
75%
2.668Matt Damon
71.8%
2.588Robert De Niro
71.4%
2.538Julia Roberts
69.4%
1.780George Clooney
69.4%
2.184Tommy Lee Jones
69.3%
3.047James Earl Jones
68.8%
1.402Dwayne Johnson
68.2%
3.117Johnny Depp
68%
1.752Meryl Streep
66.9%
1.398Al Pacino
66.7%
3.234Robin Williams
66.3%
3.197Bruce Willis
65.6%
3.331Morgan Freeman
65.5%
1.993Robert Downey Jr.
65.1%
1.601Ben Affleck
64.4%
2.355Mark Williams
63.4%
2.402Daniel Radcliffe
62.4%
1.972Jack Nicholson
60.6%
2.439Emma Watson
60.3%
3.711Eddie Murphy
59.6%
1.759Sean Connery
59.3%
1.794Angelina Jolie
59.2%
1.605Christian Bale
59.1%
1.837Denzel Washington
58.8%
1.981Sylvester Stallone
58.7%
1.373Julianne Moore
58%
1.696Patrick Stewart
57.6%
1.917Carrie Fisher
57.2%
2.172Adam Sandler
56.7%
2.548Dustin Hoffman
55.8%
2.428Michael Caine
55.8%
2.549Jim Carrey
55.5%
1.802Arnold Schwarzenegger
55.4%
2.049Elijah Wood
55.4%
2.992Owen Wilson
55.2%
2.405John Travolta
55.2%
1.297Mark Hamill
54.9%
1.670Clint Eastwood
54.3%
1.462Philip Seymour Hoffman
54%
1.798Keanu Reeves
53.1%
2.590Ben Stiller
53%
2.361Mel Gibson
52.7%
1.976Tim Allen
52.4%
2.907Cameron Diaz
52.3%
2.357Christopher Lee
52%
1.898Michael Keaton
51.5%
1.510Hugh Jackman
51.3%
1.353Jason Lee
51%
1.317Martin Lawrence
50.9%
2.535Liam Neeson
50.9%
1.836Bill Murray
50.8%
2.401Orlando Bloom
50.8%
3.478Warwick Davis
50.6%
2.201Ian McKellen
50.3%
1.650Tyrese Gibson
50%
1.642Ed Harris
49.7%
1.769Sandra Bullock
49.5%
2.029Will Ferrell
49.4%
1.475Michael Douglas
49.4%
2.389Rupert Grint
48.8%
2.480Devon Murray
48.7%
1.652Nicole Kidman
47.7%
2.352Nicolas Cage
46.6%
2.220Mike Myers
46.4%
2.043Natalie Portman
46%
1.428Pierce Brosnan
45.6%
1.357Bradley Cooper
45.4%
1.490Burt Reynolds
45.4%
3.335Alan Rickman
45.1%
1.819Steve Martin
44.8%
1.353Robert Redford
44.5%
1.503Chris Cooper
44.5%
2.062Anthony Hopkins
44.3%
1.570Halle Berry
44.2%
1.484Mark Wahlberg
43.8%
2.213Jack Black
43.2%
1.493Kevin Costner
43.2%
1.737Emma Thompson
42.9%
2.389Matthew Lewis
42.8%
1.491Jenifer Lewis
42.6%
1.961Chris Rock
42.6%
3.236Gary Oldman
42.4%
2.079Cate Blanchett
42.2%
1.714Wayne Knight
42.1%
1.737Keira Knightley
41.8%
1.570Jackie Chan
41.8%
1.935Drew Barrymore
41.6%
2.454Sigourney Weaver
41.2%
1.889Ewan McGregor
40.6%
1.361Brian Doyle-Murray
40.4%
2.651Helena Bonham Carter
40.3%
Gross Actor % Correct
2.161Ralph Fiennes
40.2%
1.613Kevin Spacey
40.2%
1.334Jamie Foxx
39.9%
1.843Gwyneth Paltrow
39.5%
1.634Tobey Maguire
39%
1.628Bernie Mac
38.2%
2.258Gene Hackman
38.1%
1.534Jeff Bridges
38%
1.671Viggo Mortensen
37.8%
1.597Judi Dench
37.7%
1.347Anne Hathaway
37.5%
2.113Julie Andrews
36.9%
2.342Bonnie Hunt
36.8%
1.323Richard Gere
36.5%
1.419Susan Sarandon
36.4%
1.765Vince Vaughn
36%
1.485Jonah Hill
35.3%
2.182Alec Baldwin
35.3%
1.572Liv Tyler
34.5%
1.623Bernard Hill
34.5%
1.701Steve Carell
34.5%
2.114Danny DeVito
34.3%
2.226Anthony Daniels
34.2%
1.671Sean Astin
34.2%
1.318Joe Pesci
34.1%
1.445Kurt Russell
33.8%
1.893John Goodman
33.6%
1.439Tim Robbins
33.5%
2.029Seth Rogen
33.4%
2.045Christopher Walken
33.1%
1.852James Franco
33%
1.398Sally Field
32.6%
1.655Kevin Bacon
32.1%
1.640Jeff Goldblum
32%
1.890Robert Duvall
31.9%
2.281Whoopi Goldberg
31.6%
1.838Kirsten Dunst
31.5%
1.944Laurence Fishburne
30.9%
2.020Antonio Banderas
30.7%
2.004Danny Glover
30.6%
1.313Billy Crystal
30.1%
2.370Geoffrey Rush
29.9%
1.590Sean Bean
29.7%
1.373Glenn Close
29.6%
3.356Hugo Weaving
29.6%
2.342Dan Aykroyd
29.5%
1.345Michelle Pfeiffer
28.7%
1.755Don Cheadle
28.6%
2.389Bonnie Wright
28.6%
2.598Michael Gambon
28.6%
1.450Robert Pattinson
28.6%
1.445Matthew Broderick
28.6%
1.463James Caan
28.5%
2.617Kathy Bates
28.5%
2.224Steve Buscemi
27.9%
2.180John Hurt
27.9%
1.429Paul Rudd
27.7%
1.328William Hurt
27.6%
2.229Jon Voight
27.6%
1.975Anthony Anderson
27.3%
1.675Donald Sutherland
27.2%
2.349Clint Howard
27%
3.094Robbie Coltrane
27%
1.335Alec Guinness
26.7%
1.913Joan Cusack
26.7%
2.500Willem Dafoe
26.6%
3.881John Ratzenberger
26.3%
1.737Brian Cox
25.9%
1.662Richard Dreyfuss
25.9%
2.850John Cleese
25.8%
2.384Kenny Baker
25.2%
1.714Ian Holm
25.1%
1.556Ned Beatty
25%
1.437Charlton Heston
24.9%
2.074Bill Paxton
24.8%
1.571Dylan Baker
24.8%
1.799John Rhys-Davies
24.4%
1.750Tracey Walter
24.2%
2.687Tom Felton
24.1%
1.577Dennis Quaid
23.7%
2.432Julie Walters
23.6%
2.128Shia LaBeouf
23.4%
1.826Zoe Saldana
23.3%
1.407Bill Pullman
23.1%
2.562Frank Oz
23%
1.654Philip Baker Hall
22.5%
1.745Christopher Plummer
22.1%
1.299Nathan Lane
22.1%
1.630Andy Serkis
21.9%
1.382Nick Nolte
21.9%
1.411John Malkovich
21.8%
1.457Christopher Lloyd
21.7%
1.996Keith David
21.5%
1.591Harvey Keitel
21.4%
1.345Craig T. Nelson
21.2%
1.640Cuba Gooding Jr.
21.2%
2.039Brendan Gleeson
21.1%
1.808Queen Latifah
21%
1.961Elizabeth Banks
20.8%
1.477Jason Bateman
20.8%
Gross Actor % Correct
1.654Fiona Shaw
20.4%
2.389Oliver Phelps
20%
2.389James Phelps
20%
2.047Rob Schneider
19.7%
3.980Frank Welker
19.7%
1.514John C. Reilly
19.5%
2.404Richard Griffiths
19%
1.677Stanley Tucci
19%
2.529Jason Isaacs
18.8%
1.538Dakota Fanning
18.7%
1.372Michelle Rodriguez
18.3%
1.618William H. Macy
18.2%
1.318Cliff Robertson
18%
2.164Michael Clarke Duncan
17.8%
2.185J.K. Simmons
17.8%
1.391Justin Long
17.7%
1.512John Lithgow
17.6%
1.764Bruce Campbell
17.4%
2.357John Turturro
17.4%
2.023Jim Broadbent
17.4%
1.850Bill Nighy
17.2%
2.687Timothy Spall
17.2%
1.524James Marsden
16.8%
1.741Stellan Skarsgård
16.4%
1.457Peter Mayhew
16.3%
2.178Jon Favreau
16.3%
1.643Ving Rhames
16.2%
2.166David Bradley
16%
2.131Paul Giamatti
15.9%
1.473David Thewlis
15.8%
1.298Imelda Staunton
15.4%
1.550Catherine O'Hara
15.1%
1.687Alfred Molina
15.1%
1.398Karl Urban
15.1%
1.444Tim Curry
14.5%
1.577Rupert Everett
14.4%
1.713Hank Azaria
14%
2.010Kevin Dunn
13.8%
1.487Cedric the Entertainer
13.6%
1.314John Heard
13.2%
1.664Eugene Levy
13.1%
1.680John Leguizamo
13.1%
1.428Oliver Platt
13%
2.098Cheech Marin
12.9%
1.589Laurie Metcalf
12.8%
2.130Wallace Shawn
12.7%
2.430Geraldine Somerville
12.7%
1.335Molly Shannon
12.6%
2.268Jim Cummings
12.6%
2.389Josh Herdman
12.6%
2.078James Cromwell
12.5%
2.114Chris Ellis
12.5%
1.948David Cross
12.4%
1.524Allison Janney
12.3%
1.791Jonathan Pryce
12.3%
2.094Alfred Enoch
12.1%
1.550Giovanni Ribisi
12%
1.527Will Arnett
12%
1.581Terence Stamp
12%
1.617Ian McDiarmid
11.9%
1.984Jeffrey Tambor
11.7%
1.311Kevin Pollack
11.6%
1.401Verne Troyer
11.4%
1.416Harry Melling
11.3%
1.390David Warner
11.2%
1.576William Melling
11.1%
1.434Carla Gugino
10.8%
2.218William Fichtner
10.8%
1.560Afshan Azad
10.7%
1.451Jeremy Piven
10.7%
1.560Katie Leung
10.7%
1.742Tony Shalhoub
10.7%
1.310Pete Postlethwaite
10.6%
1.787Bill Nunn
10.5%
1.361Bruce Greenwood
10.3%
2.096Adrian Rawlins
10.1%
1.472Brad Garrett
10%
1.933R. Lee Ermey
10%
1.885Marton Csokas
9.8%
1.509Joe Pantoliano
9.8%
1.343Richard Kind
9.8%
1.668Ted Raimi
9.7%
1.648Kevin McNally
9.6%
1.492Alan Tudyk
9.4%
1.343David Wenham
9.3%
1.839Stephen Root
9.3%
1.396Michael Gough
9.3%
1.713Jamie Waylett
9.2%
1.416Chris Rankin
9%
1.331Peter Stormare
9%
1.640Bruce McGill
8.9%
1.848Martin Klebba
8.8%
1.443David Schofield
8.6%
1.572James Rebhorn
8.6%
1.623Conrad Vernon
8.6%
1.500Xander Berkeley
8.4%
1.613Edie McClurg
8.4%
1.502Richard Schiff
8.4%
1.572Stephen Tobolowsky
8.3%
1.498Dan Hedaya
7.9%

You're not logged in!

Compare scores with friends on all Sporcle quizzes.
OR
Log In
Forgot?

From the Vault

MLB World Series Droughts

by Matt

The Phillies much talked about World Series drought still wasn't as bad as these 10 teams.
Remove Ads.
Support Sporcle.
Get the best of Sporcle when you Go Orange. This ad-free experience offers more features, more stats, and more fun while also helping to support Sporcle. Thank you for becoming a member.

Show Comments

Extras

Top Quizzes Today


Score Distribution

Your Account Isn't Verified!

In order to create a playlist on Sporcle, you need to verify the email address you used during registration. Go to your Sporcle Settings to finish the process.

Report this User

Report this user for behavior that violates our Community Guidelines.

Details: